Check!/ (Record no. 216669)

MARC details
000 -LEADER
fixed length control field 00505nam a22001937a 4500
005 - DATE AND TIME OF LATEST TRANSACTION
control field 20260615163657.0
010 ## - LCCN (DPL NO)
LC control number ENG-148851
020 ## - INTERNATIONAL STANDARD BOOK NUMBER
International Standard Book Number 9789395485616
Terms of availability 335.00
035 ## - SYSTEM CONTROL NUMBER
System control number EN-132383
037 ## - SOURCE OF ACQUISITION
Source of stock number/acquisition DBAD
082 ## - DEWEY DECIMAL CLASSIFICATION NUMBER
Classification number N
100 ## - MAIN ENTRY--PERSONAL NAME
Personal name Mathews, VJ
245 ## - TITLE STATEMENT
Title Check!/
Statement of responsibility, etc VJ Mathews [and] Edited by Mathew Jackson
250 ## - EDITION STATEMENT
Edition statement 1
260 ## - PUBLICATION, DISTRIBUTION, ETC. (IMPRINT)
Place of publication, distribution, etc Kerala
Name of publisher, distributor, etc Cosmo Books
Date of publication, distribution, etc 2024
270 ## - ADDRESS
City Kerala
Electronic mail address cosmobooks@asianetindia.com
300 ## - PHYSICAL DESCRIPTION
Extent 188p.
Other physical details Index
Dimensions 22cm(pb)
942 ## - ADDED ENTRY ELEMENTS (KOHA)
Source of classification or shelving scheme Dewey Decimal Classification
Item type English Books
Classification part N
Call number suffix MAT
Holdings
Withdrawn status Lost status Not for loan Collection code Home library Current library Date acquired Source of acquisition Cost, normal purchase price Full call number Barcode Copy number Cost, replacement price Koha item type
    Not For Loan Fiction D.B.Act.Division D.B.Act.Division 15/06/2026 Delivery of Books Act Division 335.00 N MAT EN-132383 1 335.00 English Books

© Delhi Public Library
Hit Counter
free hit counter